Brazil by Declan McKenna - Lyrics Quiz - Statistics

General Stats
  • This quiz has been taken 353 times
  • The average score is 181 of 256
Answer Stats
Answer % Correct
i
100%
a
99%
he
98%
the
97%
heard
96%
be
94%
you
93%
an
92%
to
92%
and
89%
but
88%
me
88%
win
87%
lives
86%
that
85%
Amazon
84%
down
84%
six
84%
somewhere
83%
bear
82%
river
82%
cars
81%
people
81%
sold
81%
your
81%
grizzly
80%
like
80%
can't
79%
country
79%
from
79%
see
79%
want
79%
eye
78%
don't
77%
ever
77%
got
77%
looks
77%
angel
76%
show
76%
every
75%
get
75%
i'm
75%
on
75%
talks
75%
where
74%
tv
73%
with
73%
you're
73%
how
72%
we
72%
world
72%
know
71%
need
71%
are
69%
have
69%
oh
69%
all
68%
'cause
68%
is
67%
dying
66%
now
66%
haven't
65%
time
65%
Brazil
60%
Brazil?
60%
faithless
60%
should
60%
he's
59%
something
59%
in
58%
it
57%
lord
55%
lord!
55%
what
55%
bought
54%
for
54%
my
54%
of
52%
son
52%
father's
51%
beautiful
49%
face
49%
game
49%
lie,
49%
lie
49%
play
49%
why
49%
would
48%
God
47%
eat
44%
leather
44%
become?
43%
think
43%
you've
43%
eyes
42%
stop
42%
yeah
41%
it's
40%
i've
40%
not
40%
wanna
40%
about
39%
mission
39%
real
39%
burn
38%
fine
38%
feel?
37%
out
37%
gets
36%
house
36%
though
35%
love
34%
well
33%
chances
32%
everybody
32%
plays
30%
because
29%
had
29%
gonna
28%
wanted
28%
peace
26%
spread
25%
enough
24%
still
23%
while
21%
No matching quizzes found
Score Distribution
Percent of People with Each Score
Percentile by Number Answered
Your Score History
You have not taken this quiz